00470nam a2200193Ia 4500003000400000005001700004008004100021020002200062040000700084041000800091082001500099100004100114245002900155250000600184260003200190300001600222365001400238650002400252OSt20230529150615.0210423s2006 xx 000 0 und d a978-0-8247-2657-7 cAL aeng a663.3 PRIH aPRIEST (Fergus G);STEWART (Graham G) aHandbook of brewing Ed 2 a2 aBoca RatonbCRC Pressc2006 avii,853bHB b4995cINR aBeverage Technology